|
|
|
|
| LEADER |
00622nab a2200169 i 4500 |
| 001 |
misc6488 |
| 005 |
20191106142045.0 |
| 008 |
170607s1938 hu o 0|| hun d |
| 040 |
|
|
|a SZTE Miscellanea Repozitórium
|b hun
|
| 041 |
|
|
|a hun
|
| 100 |
1 |
|
|a Csorna Kálmán
|
| 245 |
1 |
2 |
|a A rokoni tartási igény érvényesítése
|h [elektronikus dokumentum] /
|c Csorna Kálmán
|
| 260 |
|
|
|c 1938
|
| 300 |
|
|
|a 3-7a
|
| 490 |
0 |
|
|a Polgári jog : a hazai és külföldi magánjog és hiteljog szemléje
|v 14
|
| 695 |
|
|
|a Családjog - magyar - tartás
|
| 856 |
4 |
0 |
|u http://misc.bibl.u-szeged.hu/6488/1/polgari_jog_1938_003-007a.pdf
|z Dokumentum-elérés
|